Theories of practice in social work (Record no. 1453446)

MARC details
000 -LEADER
fixed length control field 00575nam a2200205Ia 4500
005 - DATE AND TIME OF LATEST TRANSACTION
control field 20250923145617.0
008 - FIXED-LENGTH DATA ELEMENTS--GENERAL INFORMATION
fixed length control field 008 250917s9999 xx 000 0 eng d
037 ## - SOURCE OF ACQUISITION
Stock number Textual
040 ## - CATALOGING SOURCE
Original cataloging agency DSWL
Language of cataloging eng
Transcribing agency DSWL
041 ## - LANGUAGE CODE
Language code of text/sound track or separate title eng
Source of code eng
084 ## - COLON CLASSIFICATION NUMBER
Classification number YX;5x, N81
Assigning agency DSWL
245 #0 - TITLE STATEMENT
Title Theories of practice in social work
Statement of responsibility, etc. Ed. by P. Hardiker
260 ## - PUBLICATION, DISTRIBUTION, ETC.
Place of publication, distribution, etc. New York
Name of publisher, distributor, etc. Academic Press
Date of publication, distribution, etc. 1981
300 ## - PHYSICAL DESCRIPTION
Extent viii,313 p.
365 ## - TRADE PRICE
Price type code INR
Price amount 227.25
700 ## - ADDED ENTRY--PERSONAL NAME
Personal name M. Barker
9 (RLIN) 837149
925 ## -
-- 227.25
942 ## - ADDED ENTRY ELEMENTS (KOHA)
Koha item type Textual
Classification part YX;5x, N81
Holdings
Withdrawn status Lost status Damaged status Not for loan Home library Current library Date acquired Source of acquisition Inventory number Total Checkouts Full call number Barcode Date last seen Price effective from Koha item type
        Department of Social Work Library Department of Social Work Library 2025-09-23 Select S. Syndicate 2234 06/04/1983   YX;5x, N81 SW0021087 2025-09-23 2025-09-23 Textual
Copyright @ Delhi University Library System